000 00410nam a22001577a 4500
020 _a9781 4727 1102 1
082 _aF5
_bACCA Rev. Kit
100 _aBPP
245 _aPerformance Management
250 _aJune 2015
260 _aLondon W12 8AA
_bBPP Learning Media Ltd
_c2015
300 _axvi, 368p
500 _aincludes ACCA examiner`s answers: Specimen
700 _aBPP House, Aldine Place
942 _cBK
999 _c1289
_d1289